भटांच्या वाडयातील भुतावळ. (Record no. 278896)

MARC details
000 -LEADER
fixed length control field 00694nam a2200181Ia 4500
008 - FIXED-LENGTH DATA ELEMENTS--GENERAL INFORMATION
fixed length control field 090630s9999 xx 000 0 und d
082 ## - DEWEY DECIMAL CLASSIFICATION NUMBER
Item number 27040
100 ## - MAIN ENTRY--PERSONAL NAME
Personal name भागवत भा. रा.
245 ## - TITLE STATEMENT
Title भटांच्या वाडयातील भुतावळ.
Statement of responsibility, etc भागवत भा. रा.
260 ## - PUBLICATION, DISTRIBUTION, ETC. (IMPRINT)
Name of publisher, distributor, etc पुरंदरे.
Date of publication, distribution, etc 1994
300 ## - PHYSICAL DESCRIPTION
Extent 86
600 ## - SUBJECT ADDED ENTRY--PERSONAL NAME
Personal name भागवत भा. रा.
630 ## - SUBJECT ADDED ENTRY--UNIFORM TITLE
Uniform title भटांच्या वाडयातील भुतावळ.
655 ## - INDEX TERM--GENRE/FORM
Genre/form data or focus term बालवाङमय.
700 ## - ADDED ENTRY--PERSONAL NAME
Personal name भागवत भा. रा.
730 ## - ADDED ENTRY--UNIFORM TITLE
Uniform title भटांच्या वाडयातील भुतावळ.
942 ## - ADDED ENTRY ELEMENTS (KOHA)
Koha item type Book
Holdings
Withdrawn status Lost status Damaged status Not for loan Home library Current library Date acquired Cost, normal purchase price Total Checkouts Full call number Barcode Date last seen Cost, replacement price Price effective from Koha item type
        Sarvajanik Wachanalaya Shrivardhan Sarvajanik Wachanalaya Shrivardhan   30.00   27040 SAWASHRI-27040 06/30/2009 30.00 06/30/2009 Book